Patria mía : (Registro nro. 14905)

Detalles MARC
000 -LEADER
fixed length control field 00733nam a2200229 a 4500
001 - CONTROL NUMBER
control field 000010279
003 - CONTROL NUMBER IDENTIFIER
control field DO-SdBPM
005 - DATE AND TIME OF LATEST TRANSACTION
control field 20250114103433.0
008 - FIXED-LENGTH DATA ELEMENTS--GENERAL INFORMATION
fixed length control field 091006s1975 dr ac r 001 p spa d
040 ## - CATALOGING SOURCE
Original cataloging agency DO-SdBPM
Language of cataloging spa
Transcribing agency BPMSU
082 #4 - DEWEY DECIMAL CLASSIFICATION NUMBER
Classification number RD861.44
Item number F224p1975
Edition number 22
100 1# - MAIN ENTRY--PERSONAL NAME
Personal name Farías, María Cristina de,
245 10 - TITLE STATEMENT
Title Patria mía :
Remainder of title 5 libros y una inspiración /
Statement of responsibility, etc. Ma. Cristina Farías.
260 ## - PUBLICATION, DISTRIBUTION, ETC. (IMPRINT)
Place of publication, distribution, etc. Santo Domingo :
Name of publisher, distributor, etc. Cultural Dominicana,
Date of publication, distribution, etc. 1975.
300 ## - PHYSICAL DESCRIPTION
Extent 184 p. :
Other physical details il., retrs. ;
Dimensions 21 cm.
590 ## - LOCAL NOTE (RLIN)
Local note Inventariado, 2025/VM
650 #4 - SUBJECT ADDED ENTRY--TOPICAL TERM
Topical term or geographic name as entry element Poesía dominicana
650 #4 - SUBJECT ADDED ENTRY--TOPICAL TERM
Topical term or geographic name as entry element Literatura dominicana.
650 #4 - SUBJECT ADDED ENTRY--TOPICAL TERM
Topical term or geographic name as entry element Poesía patriótica dominicana
Geographic subdivision
910 ## - USER-OPTION DATA (OCLC)
User-option data VMateo V. Control de calidad BPMSU
942 ## - ADDED ENTRY ELEMENTS (KOHA)
Source of classification or shelving scheme Dewey Decimal Classification
Koha item type Libros
Existencias
Withdrawn status Lost status Source of classification or shelving scheme Damaged status Not for loan Collection code Home library Current library Date acquired Total Checkouts Full call number Barcode Date last seen Price effective from Koha item type
    Dewey Decimal Classification     Colección Dominicana Biblioteca Pública Metropolitana Salomé Ureña Biblioteca Pública Metropolitana Salomé Ureña 01/14/2025   BPMSU CD RD861.44 F224p1975 BPMSU25010006 01/14/2025 01/14/2025 Libros